Vantaan suuralueet kartalla - Statistics

Yleistilastot
  • Tätä visaa on pelattu 106 kertaa
  • Keskiarvotulos 6 / 7
Vastaukset kartalla
Vastauksille on annettu kartalla punavihreä väri sen mukaan, kuinka moni on saanut sen oikein.
 
Vastaustilastot
Vastaus % Oikein
Tikkurila
97%
Myyrmäki
83%
Korso
79%
Hakunila
77%
Koivukylä
77%
Aviapolis
75%
Kivistö
70%
Ehtoja vastaavia visoja ei löytynyt
Tulosjakauma
Jokaisen tuloksen saaneiden osuus
Persentiili vastausten määrän mukaan
Tuloshistoriasi
Et ole pelannut tätä visaa